000 00479nam a2200157Ia 4500
003 IQ-KOUCL
041 _aKurdish
082 _a891,1 cut-758 خ
100 _a20260118u\\\\\\\\\\\y0engy0103\\\\ba
100 _aپەیوەست خۆشناو
245 0 _aبەهارى چل چیا شیعرى عوسمان عومەر مام یەحیا ( پشکۆ )
250 _aچ1
260 _bچاپخانەى نۆرەى
_aسلیمانى - العراق
_c2020
300 _a456
942 _cBk
999 _c186742
_d186742